[Event "Chigorin Memorial 13th"]
[Site "St Petersburg"]
[Date "2005.10.21"]
[Round "7"]
[White "Skrenev, Sergey"]
[Black "Serov, Alexey"]
[Result "0-1"]
[WhiteElo "2114"]
[BlackElo "2331"]
[PlyCount "90"]
[EventDate "2005.10.15"]
[EventType "swiss"]
[EventRounds "9"]
[EventCountry "RUS"]
[SourceTitle "CBM 108 Extra"]
[Source "ChessBase"]
[SourceDate "2005.11.04"]
[SourceVersion "1"]
[SourceVersionDate "2005.11.04"]
[SourceQuality "1"]

1. e4 c5 2. c3 d6 3. d4 Nd7 4. Nf3 Ngf6 5. Bd3 g6 6. 0-0 Bg7 7. Bg5 Qb6 8. Nbd2 h6 9. Bf4 Nh5 10. Be3 e5 11. dxc5 dxc5 12. Be2 0-0 13. Nc4 Qf6 14. g3 Rd8 15. Qb3 b6 16. Ncd2 Nf8 17. Rfe1 Bh3 18. Nf1 Be6 19. Qc2 Qe7 20. Rad1 Qb7 21. Rxd8 Rxd8 22. N3d2 Nf6 23. f3 Ne8 24. Bf2 Nh7 25. h4 Nef6 26. Bc4 Bc8 27. Ne3 g5 28. Bd5 Nxd5 29. Nxd5 f5 30. c4 gxh4 31. gxh4 Qf7 32. Qd3 Rf8 33. Qf1 fxe4 34. Rxe4 Bf5 35. Re3 Kh8 36. Kh2 e4 37. Bg3 Bd4 38. Re2 e3 39. Rxe3 Bxe3 40. Be5+ Kg8 41. Qg2+ Bg5 42. hxg5 hxg5 43. Ne4 Bxe4 44. fxe4 Qe6 45. Bc3 g4 0-1

[Event "RUS-ch sf"]
[Site "Sosnovy Bor"]
[Date "2002.??.??"]
[Round "2"]
[White "Polonovsky, Grigory"]
[Black "Serov, Alexey"]
[Result "0-1"]
[WhiteElo "2211"]
[BlackElo "2322"]
[PlyCount "98"]
[EventDate "2002.??.??"]
[EventType "swiss"]
[EventRounds "7"]
[EventCountry "RUS"]
[SourceTitle "EXT 2004"]
[Source "ChessBase"]
[SourceDate "2003.11.25"]
[SourceVersion "1"]
[SourceVersionDate "2003.11.25"]
[SourceQuality "1"]

1. e4 c5 2. Nf3 Nc6 3. c3 d5 4. exd5 Qxd5 5. d4 e6 6. Be3 cxd4 7. cxd4 Nf6 8. Be2 Be7 9. Nc3 Qd8 10. Ne5 Nb4 11. Bb5+ Kf8 12. 0-0 a6 13. Be2 Nbd5 14. Bf3 Nxe3 15. fxe3 g6 16. Qb3 Kg7 17. Rad1 Bd6 18. Nc4 Rb8 19. e4 Bc7 20. e5 Nd7 21. Ne4 Rf8 22. Ncd6 Nb6 23. Nxc8 Nxc8 24. Nf6 Ne7 25. Be4 h6 26. h4 Nf5 27. Bxf5 exf5 28. Qe3 Bb6 29. Rf4 Rc8 30. g4 fxg4 31. Rxg4 Qe7 32. Qe4 Rc6 33. h5 Rxf6 34. exf6+ Qxf6 35. Rf1 Qd6 36. Qf4 Qxf4 37. Rgxf4 g5 38. Re4 f5 39. Re7+ Kf6 40. Rxb7 Bxd4+ 41. Kg2 Rc8 42. Rh7 Rc2+ 43. Kh1 g4 44. Rxh6+ Kg5 45. Rd6 Be3 46. Rd5 g3 47. Rdxf5+ Kg4 48. R5f2 Bxf2 49. h6 Kh3 0-1